| 000 | 00570nam a2200181Ia 4500 | ||
|---|---|---|---|
| 008 | 220216s9999 xx 000 0 und d | ||
| 100 | _aLe H H | ||
| 245 | 0 | _aOnline characterization of the effect of mixing parameters on carbon black dispersion in rubber compounds using electrical conductivity | |
| 260 |
_bRubber Chemistry and Technology _c2004 |
||
| 300 | _a147-160 | ||
| 650 | _aCarbon black dispersion | ||
| 650 | _aElectrical conductivity | ||
| 650 | _aRubber compounds | ||
| 700 | _aIlisch S | ||
| 700 | _aJakob B | ||
| 700 | _aRadusch H J | ||
| 942 | _cJS | ||
| 999 |
_c64384 _d64384 |
||